Introducción a la ética: historia y fundamentos

Saved in:
Bibliografiske detaljer
Hovedforfatter: Ayllón Vega, José Ramón (Author)
Format: Bog
Sprog:spansk
Udgivet: Madrid Ediciones Palabra 2011
Udgivelse:2a. ed
Serier:Colección Albatros. Manuales de Filosofía, 11
Fag:
Tags: Tilføj Tag
Ingen Tags, Vær først til at tagge denne postø!

MARC

LEADER 00000cam a2200000 a 4500
001 UCD5797
003 CL-VaPUC
008 161007e20110100sp |||||||||||||||||spa|d
020 |a 9788498400137 
082 0 4 |a 170  |b AYL  |2 21 
100 0 |a Ayllón Vega, José Ramón  |e author  |9 589564 
245 1 0 |a Introducción a la ética: historia y fundamentos 
250 |a 2a. ed 
300 |a 270 p 
942 |c BK 
945 |d 20161007 09:49:00  |a arojas 
260 |a Madrid  |b Ediciones Palabra  |c 2011 
650 0 |a Ética  |9 255099 
650 0 |a Valores morales   |9 310604 
650 0 |a Naturaleza humana   |9 308593 
650 7 |a SER  |2 CL-VaPUC  |9 320176 
583 |a last modification  |c 20161007 09:49:00  |k Rodrigo Vera 
490 0 |a Colección Albatros. Manuales de Filosofía, 11 
999 |c 366349  |d 366347 
952 |0 0  |1 0  |3 erb  |4 0  |6 170_000000000000000_AYL_2011  |7 0  |8 A  |9 480535  |a BIBEDU  |b BIBEDU  |i 5344379  |o 170 AYL 2011  |p 5344379  |r 2019-11-24  |w 2019-11-24  |y BK  |z Catalogado en:20161007  |k EPE